header

The reader's corner : (Record no. 255950)

MARC details
000 -LEADER
fixed length control field 01235cam a2200349 a 4500
001 - CONTROL NUMBER
control field 14805256
003 - CONTROL NUMBER IDENTIFIER
control field OSt
005 - DATE AND TIME OF LATEST TRANSACTION
control field 20170320103207.0
008 - FIXED-LENGTH DATA ELEMENTS--GENERAL INFORMATION
fixed length control field 070412s2007 maua 001 0 eng
010 ## - LIBRARY OF CONGRESS CONTROL NUMBER
LC control number 2007926772
020 ## - INTERNATIONAL STANDARD BOOK NUMBER
International Standard Book Number 9780618890552 (instructor's annotated edition)
International Standard Book Number 0618890556 (instructor's annotated edition)
International Standard Book Number 9780618775408 (student ed.)
International Standard Book Number 0618775404 (student ed.)
040 ## - CATALOGING SOURCE
Original cataloging agency DLC
Transcribing agency DLC
Modifying agency DLC
043 ## - GEOGRAPHIC AREA CODE
Geographic area code n-us---
050 00 - LIBRARY OF CONGRESS CALL NUMBER
Classification number LB2395.3
Item number .K3653 2008
100 1# - MAIN ENTRY--PERSONAL NAME
Personal name Kanar, Carol C.
245 14 - TITLE STATEMENT
Title The reader's corner :
Remainder of title expanding perpectives through reading /
Statement of responsibility, etc Carol C. Kanar.
250 ## - EDITION STATEMENT
Edition statement 3rd ed.
260 ## - PUBLICATION, DISTRIBUTION, ETC. (IMPRINT)
Place of publication, distribution, etc Boston, MA :
Name of publisher, distributor, etc Houghton Mifflin Co.,
Date of publication, distribution, etc 2007.
300 ## - PHYSICAL DESCRIPTION
Extent xiv, 434p. :
Other physical details ill. ;
Dimensions 23 cm.
500 ## - GENERAL NOTE
General note Includes index.
650 #0 - SUBJECT ADDED ENTRY--TOPICAL TERM
Topical term or geographic name as entry element College readers.
Topical term or geographic name as entry element Critical thinking
General subdivision Study and teaching (Higher)
Geographic subdivision United States.
Topical term or geographic name as entry element English language
General subdivision Rhetoric.
Topical term or geographic name as entry element Study skills
General subdivision Study and teaching.
906 ## - LOCAL DATA ELEMENT F, LDF (RLIN)
a 7
b cbc
c orignew
d 2
e epcn
f 20
g y-gencatlg
942 ## - ADDED ENTRY ELEMENTS (KOHA)
Source of classification or shelving scheme Library of Congress Classification
Koha item type Long Loan Books
Holdings
Withdrawn status Lost status Source of classification or shelving scheme Damaged status Not for loan Collection code Home library Current library Shelving location Date acquired Total Checkouts Full call number Barcode Date last seen Price effective from Koha item type
    Library of Congress Classification     Non-fiction Rongo University Library Rongo University Library General Stacks 02/03/2017   LB2395.3 .K3653 2008 201610607 02/03/2017 02/03/2017 Long Loan Books
    Library of Congress Classification     Non-fiction Rongo University Library Rongo University Library General Stacks 15/03/2017   LB2395.3 .K3653 2008 20156469 15/03/2017 15/03/2017 Long Loan Books

© 2026 Rongo University
Contact us: librarian | system librarian | Rongo university